Management and morale

Guardat en:
Dades bibliogràfiques
Autor principal: Roethlisberger, F. J.
Format: Llibre
Idioma:Undetermined
Publicat: New York Cambridge 1941
Matèries:
Etiquetes: Afegir etiqueta
Sense etiquetes, Sigues el primer a etiquetar aquest registre!
Thư viện lưu trữ: Trung tâm Học liệu Trường Đại học Cần Thơ
LEADER 00449nam a2200169Ia 4500
001 CTU_78892
008 210402s9999 xx 000 0 und d
082 |a 658.3 
082 |b R719 
100 |a Roethlisberger, F. J. 
245 0 |a Management and morale 
245 0 |c F. J. Roethlisberger 
260 |a New York 
260 |b Cambridge 
260 |c 1941 
650 |a Personnel management 
980 |a Trung tâm Học liệu Trường Đại học Cần Thơ